000
00230 a2200097 4500
001
46362
100
_a
Zweng, C
245
_a
Radio and instrument flying
260
_a
Hollywood
_b
Pan American Navigation
_c
090
_c
29480
_d
29480
942
_a
NUST-CAE
_c
M
_c
21647
999
_c
281435
_d
281435